000 00455nam a2200169Ia 4500
008 110201s9999 xx 000 0 und d
082 _bB2015
_aKS 235
100 _aराजे शैलजा
245 _aदसरा
260 _bअनमोल प्रकाशन
365 _b8
600 _aराजे शैलजा
630 _aदसरा
700 _aराजे शैलजा
730 _aदसरा
942 _cBOOK
999 _c829122
_d829119